Normal view
MARC view
- Harris, Frank
Entry Personal Name
001 - CONTROL NUMBER
- control field: 7379
003 - CONTROL NUMBER IDENTIFIER
- control field: OSt
005 - DATE AND TIME OF LATEST TRANSACTION
- control field: 20250328115831.0
008 - FIXED-LENGTH DATA ELEMENTS
- fixed length control field: 250328|| aca||aabn | a|a d
040 ## - CATALOGING SOURCE
- Original cataloging agency: OSt
- Transcribing agency: OSt
100 ## - HEADING--PERSONAL NAME
- Personal name: Harris, Frank
670 ## - SOURCE DATA FOUND
- Source citation: Work cat.: (OSt)10606: Harris, Frank ., Grand engineering equipment and methods / , 1983.
